000 00439nam a22001457a 4500
008 250709b |||||||| |||| 00| 0 eng d
020 _a812194029
050 _aTX651
_b.N44
100 _aNegi Jagmohan
245 _aFundamentals of Culinary Arts. Theory and practical of Cooking
260 _aNew Delhi
_bSChand & Company Pvt. Limited
_c2013
300 _axx, 460p.
_bill.
650 _aTextbooks of Culinary Fundamental
942 _cBK
999 _c4211
_d4211